Statistics for THE ULTIMATE MCU CHARTER QUIZ

Click here to take the quiz!

General Stats

  • This quiz has been taken 29 times
    (4 since last reset)
  • The average score is 283 of 442

Answer Stats

First Main AppearanceBioActor/ActressAnswer% Correct
The Incredible HulkSoldier Who Turned Into A "Monster"; Later Opened A Meditation RetreatTim RothAbomination/Emil Blonsky
100%
Captain America:The First AvengerScientist Who Created The Super Soldier SerumStanley TucciAbraham Erskine
100%
Guardians Of The Galaxy Vol. 3Ultimate Life Form Created By The Sovereign To Destroy The Guardians Of The Galaxy; Member Of The Guardians Of The GalaxyWill PoulterAdam Warlock
100%
WandaVisionSalem Witch Who Wants To Take Wanda's Magic For HerselfKathryn HahnAgatha Harkness
100%
Captain America: The Winter SoldierNiece Of Peggy Carter Who Was Tasked With Protecting Steve Rogers: Later Would Be Known As The "Power Broker"Emily VanCampAgent 13/Sharon Carter
100%
Iron ManS.H.I.E.L.D. Agent Who Brought The Avengers TogetherClark GreggAgent Coulson
100%
EternalsDeceased Leader Of The Eternals With Healing PowersSalma HayekAjak
100%
Iron Man 3Evil Founder And CEO Of A.I.M. Who Has A Stupid Grudge Against Tony StarkGuy PearceAldrich Killian
100%
Captain America: The Winter SoldierHYDRA's Secret Leader During Their Infiltration Of S.H.I.E.L.D.Robert RedfordAlexander Pierce
100%
Loki (S1)Animal Variant Of LokiAlligator Loki
100%
Doctor Strange In The Multiverse Of MadnessTeenager Who Has The Ability To Open Star Portals And Travel Through The MultiverseXochitl GomezAmerica Chavez
100%
Ant-ManEx-Con Who Stole A Suit That Allows Him To Shrink And Grow; Member Of The AvengersPaul RuddAnt-Man/Scott Lang
100%
Captain America:The First AvengerScientist/Assistant Of ^ Who Would Eventually Upload His Mind Into A Computer And Write An Algorithm For HYDRAToby JonesArnim Zola
100%
Captain America: Civil WarAunt Of Peter ParkerMarisa TomeiAunt May
100%
Guardians Of The Galaxy
Vol. 2
The Golden High Priestess Of The SovereignElizabeth DebickiAyesha
100%
Black PantherMember Of The Dora MilajeFlorence KasumbaAyo
100%
Doctor StrangeFormer Friend Of Doctor Strange Who Thinks The World Has Too Many Sorcerers; Sorcerer Supreme On Earth-838Chiwetel EjioforBaron Mordo/Karl Mordo
100%
Avengers: Age Of UltronHYDRA Leader Who Experimented On The Maximoffs And Gave Them PowersThomas KretschmannBaron Strucker/
Wolfgang Von Strucker
100%
Captain America: Civil WarSokovian Colonel Who Was Responsible For The Avengers Break-UpDaniel BrühlBaron Zemo/Helmut Zemo
100%
Captain America: The Winter SoldierFrench Pirate Who Took Over The Lemurian Star And Helped The Flag-Smashers Get Into The GRC VoteGeorges St-PierreBatroc The Leaper/Georges Batroc
100%
The Falcon And The Winter SoldierSidekick And Best Friend Of ^Clé BennettBattlestar/Lemar Hoskins
100%
The Incredible HulkBruce Banner's Former GirlfriendLiv TylerBetty Ross
100%
Doctor Strange In The Multiverse Of MadnessInhuman King And Member Of The IlluminatiAnson MountBlack Bolt/Blackagar Boltagon
100%
Captain America: Civil WarSon Of King T'Chaka Who Became King Of Wakanda When His Father Was KilledChadwick BosemanBlack Panther/T'Challa
100%
Iron Man 2Russian Spy Who Defected From The Red Room To Join S.H.I.E.L.D.; Member Of The AvengersScarlett JohanssonBlack Widow/Natasha Romanoff
100%
Captain America:The First AvengerSkinny Kid From Brooklyn Who Became The Worlds First Super Soldier; Member And Leader Of The AvengersChris EvansCaptain America/Steve Rogers
100%
Captain MarvelAir Force Pilot Who Got Superhuman Abilities After Being Exposed To The Tesseract When The Light-Speed Engine Exploded; Member Of The AvengersBrie LarsonCaptain Marvel/Carol Danvers
100%
Iron ManReporter For Vanity FairLeslie BibbChristine Everhart
100%
Doctor StrangeFormer Love Interest Of Stephen StrangeRachel McAdamsChristine Palmer
100%
Loki (S1)Old Man Variant Of LokiRichard E. GrantClassic Loki
100%
Avengers: Infinity WarMember Of The Black Order And The Husband Of \/Michael James ShawCorvus Glaive
100%
The Guardians Of The Galaxy Holiday SpecialTalking Russian Dog With Telekinetic Powers; Member Of The Guardians Of The GalaxyMaria BakalovaCosmo The Spacedog
100%
Captain America: The Winter SoldierHYDRA Agent Who Vows Revenge Against Steve Rogers For Dropping A Building On HimFrank GrilloCrossbones/Brock Rumlow
100%
Avengers: Infinity WarMember Of The Black Order Whose Arm Was Cut Off By Wong's PortalTerry NotaryCull Obsidian
100%
ThorIntern Of Jane Foster Who Helped Investigate The Westview AnomalyKat DenningsDarcy Lewis
100%
Spider-Man: No Way HomeVigilante And Lawyer Who Had Been Blinded As A Young Boy By A Radioactive Substance That Fell Into His EyesCharlie CoxDaredevil/Matt Murdock
100%
Spider-Man: No Way HomeScientist That Created Four Mechanical Arms That Gained Sentience And Took Over His MindAlfred MolinaDoctor Octopus/Otto Octavius
100%
Doctor StrangeFamous Neurosurgeon Who Lost The Use Of His Hands Who Went On To Be A Master Of The Mystic ArtsBenedict CumberbatchDoctor Strange/
Stephen Strange
100%
Doctor StrangeRuler Of The Dark DimensionBenedict CumberbatchDormammu
100%
Guardians Of The GalaxyAlien Whose Family Was Killed By Thanos And Made Him Swear Vengeance On Him; Member Of The Guardians Of The GalaxyDave BautistaDrax The Destroyer
100%
Avengers: Age Of UltronAssistant Of ^Henry GoodmanDr. List
100%
Captain America:The First AvengerMember Of The Howling CommandosNeal McDonoughDum Dum Dugan
100%
Avengers: Infinity WarMember Of The Black Order With Telekinetic PowersTom Vaughan-LawlorEbony Maw
100%
HawkeyeDeaf Commander Of The Tracksuit MafiaAlaqua CoxEcho/Maya Lopez
100%
Guardians Of The Galaxy
Vol. 2
Celestial Father Of Peter Quill Who Is A Living PlanetKurt RussellEgo
100%
Avengers: Infinity WarDwarf Who Helps Thor Make StormbreakerPeter DinklageEitri
100%
Spider-Man: No Way HomeElectrical Engineer At OsCorp Who Fell Into A Tank Of Electric Eels And Gained Electrical PowersJamie FoxxElectro/Max Dillon
100%
ThorAstrophysicist Who Becomes Involved With The Asgardian Thor And The Government Organization S.H.I.E.L.D.Stellan SkarsgårdErik Selvig
100%
Captain America: Civil WarCIA Operative Friend Of The WakandansMartin FreemanEverett K. Ross
100%
Captain America: The Winter SoldierUS Air Force Veteran Who Uses A Jet Pack With Wings; Member Of The Avengers Who Would Go On To Become The 2nd Captain AmericaAnthony MackieFalcon/Sam Wilson
100%
ThorMember Of The Warriors ThreeJosh Dallas/Zachary LeviFandral
100%
The Falcon And The Winter SoldierLeader Of The Flag-SmashersErin KellymanFlag-Smasher/Karli Morgenthau
100%
Spider-Man: HomecomingBully At Midtown School of Science and TechnologyTony RevoloriFlash Thompson
100%
Avengers: Age Of UltronFemale Replacement Intelligent Digital Assistant YouthKerry CondonF.R.I.D.A.Y.
100%
ThorQueen Of Asgard And The Mother Of Thor And LokiRene RussoFrigga
100%
Guardians Of The GalaxyGreen Daughter Of Thanos; Member Of The Guardians Of The GalaxyZoe SaldañaGamora
100%
The Incredible HulkGeneral/Secretary Of State And Father Of ^William HurtGeneral Thaddeus "Thunderbolt" Ross
100%
Ant-Man And The WaspGirl Who Gained The Ability To Phase Through Walls And Become Invisible Following A Lab ExplosionHannah John-KamenGhost/Ava Starr
100%
EternalsEternal With Super StrengthDon LeeGilgamesh
100%
Captain MarvelPet Flerken Of Mar-VellGoose
100%
Thor: Love And ThunderGalactic Killer Who Sought The Extinction Of All GodsChristian BaleGorr The God Butcher
100%
Spider-Man: No Way HomeFounder Of OsCorp Who Tested A Performance-Enhancing Chemical On Himself, Causing Him To Go InsaneWillem DafoeGreen Goblin/Norman Osborn
100%
Guardians Of The GalaxyTalking Tree Who Can Only Say 3 Words; Member Of The Guardians Of The GalaxyVin DieselGroot
100%
Ant-ManFounder Of Pym Tech And The First Ant-ManMichael DouglasHank Pym
100%
Iron ManHead Of Security At Stark IndustriesJon FavreauHappy Hogan
100%
Iron Man 3Local Boy With A Potato Gun Who Helps Tony Stark When He Gets Stranded In TennesseeTy SimpkinsHarley Keener
100%
ThorLegendary Archer Who Lost His Family During The Blip And Became A Violent Vigilante; Member Of The AvengersJeremy RennerHawkeye/Clint Barton
100%
ThorThe Guardian Of The BifrostIdris ElbaHeimdall
100%
Thor: RagnarokThe Goddess Of Death And Odin's FirstbornCate BlanchettHela
100%
Avengers: Age Of UltronKorean Scientist Who Created The Regeneration CradleClaudia KimHelen Cho
100%
Thor: Love And ThunderSon Of ZeusBrett GoldsteinHercules
100%
Loki (S1)Creator Of The TVA; Variant Of Kang The ConquerorJonathan MajorsHe Who Remains
100%
Iron Man 2Father Of Tony StarkDominic Cooper/John SlatteryHoward Stark
100%
Guardians Of The GalaxyAnthropomorphic Duck From DuckworldSeth GreenHoward The Duck
100%
Iron ManMan From Gulmira Who Helped Tony Stark Escape From The Ten RingsShaun ToubHo Yinsen
100%
The Incredible HulkScientist With Breathtaking Anger Management Issues; Member Of The AvengersMark Ruffalo/Edward NortonHulk/Bruce Banner
100%
EternalsEternal Who Has Laser Vision And Can FlyRichard MaddenIkaris
100%
Black Panther: Wakanda ForeverMIT Student Genius And Inventor Who Invents A Suit Of Armor That Rivals Iron ManDominique ThorneIronheart/Riri Williams
100%
Iron ManGenius, Billionaire, Playboy, Philanthropist; Member Of The AvengersRobert Downey Jr.Iron Man/Tony Stark
100%
Iron ManFormer Business Partner Of Tony Stark Who Paid The Ten Rings To Kill Him So He Could
Take Over Stark Industries
Jeff BridgesIron Monger/Obadiah Stane
100%
Ant-Man And The WaspWife Of Hank Pym Who Was Stuck In The Quantum Realm For 30 YearsMichelle PfeifferJanet Van Dyne
100%
Iron ManJust Another Rather Very Intelligent SystemPaul BettanyJ.A.R.V.I.S.
100%
ThorAn Agent Of S.H.I.E.L.D.'s Administrative Division; Later Revealed To Be A HYDRA MoleMaximiliano HernándezJasper Sitwell
100%
Ant-Man And The WaspFBI Agent Who Watches Over Scott Lang's House Arrest And The Westview AnomalyRandall ParkJimmy Woo
100%
Iron Man 2CEO Of Hammer IndustriesSam RockwellJustin Hammer
100%
Doctor StrangeZealot Of ^Mads MikkelsenKaecilius
100%
Ant-Man And The Wasp: QuantumaniaTime-Traveler From The 31st Century Who Vows To Conquer The MultiverseJohnathan MajorsKang The Conqueror/
Nathaniel Richards
100%
HawkeyeClint Barton's Protégé And Biggest FanHailee SteinfeldKate Bishop
100%
She-Hulk: Attorney At LawKnowledge Enhanced Visual Interconnectivity Nexus In Charge Of The Marvel Studios Story DecisionsBrian T. DelaneyK.E.V.I.N.
100%
The Guardians Of The Galaxy Holiday SpecialGreat Hero Who Saves A Whole Town By DancingHimselfKevin Bacon
100%
Loki (S1)Child Variant Of LokiJack VealKid Loki
100%
Black PantherT'Challa's Cousin Who Took The Throne While He Was Presumed DeadMichael B. JordanKillmonger/N'Jadaka
100%
HawkeyePowerful Businessman And Crime Lord Who Wishes To Control New York CityVincent D'OnofrioKingpin/Wilson Fisk
100%
Avengers: Age Of UltronArms Dealer Who Stole Vibranium From Wakanda And Had A Mechanical Arm With A CannonAndy SerkisKlaw/Ulysses Klaue
100%
Thor: RagnarokKronan Warrior Who Was Forced To Participate In The Contest Of ChampionsTaika WaititiKorg
100%
Guardians Of The GalaxyYondu's First Mate Who Inherited His Yaka Arrow; Member Of The Guardians Of The GalaxySean GunnKraglin Obfonteri
100%
Thor: The Dark WorldRight-Hand Man To ^ Who Killed FriggaAdewale Akinnuoye-AgbajeKurse/Algrim
100%
ThorMost Feared Female Warrior Of Asgard And Heimdall's SisterJaimie AlexanderLady Sif
100%
ThorKing Of The Frost Giants And Loki's Real FatherColm FeoreLaufey
100%
Avengers: Age Of UltronClint Barton's DaughterAva RussoLila Barton
100%
ThorThe God Of Mischief And The Adopted Brother Of ^Tom HiddlestonLoki
100%
Thor: Love And Thunder^'s Daughter And Thor's Adopted DaughterIndia Rose HemsworthLove
100%
Ant-ManBest Friend Of Scott Lang Who Tells Amazing StoriesMichael PeñaLuis
100%
Thor: The Dark WorldDark Elf Who Seeks The AetherChristopher EcclestonMalekith
100%
Guardians Of The Galaxy
Vol. 2
Empath Who Was Raised On Ego's Planet; Member Of The Guardians Of The GalaxyPom KlementieffMantis
100%
The AvengersSecond In Command Of S.H.I.E.L.D.Cobie SmuldersMaria Hill
100%
Captain MarvelAir Force Pilot And Best Friend Of ^; Is Captain Marvel On Earth-838Lashana LynchMaria Rambeau
100%
Captain America: Civil WarMother Of Tony StarkHope DavisMaria Stark
100%
Black PantherLeader Of The Jabari TribeWinston DukeM'Baku
100%
Guardians Of The GalaxyMother Of Peter QuillLaura HaddockMeredith Quill
100%
Spider-Man: HomecomingPeter Parker's GirlfriendZendayaMichelle "MJ" Jones
100%
Thor: Ragnarok^s Bug-Like Friend With Razor Blades For HandsCarly ReesMiek
100%
ThorGirlfriend Of Thor Who Eventually Wileds MjolnirNatalie PortmanMighty Thor/Jane Foster
100%
Loki (S1)AI Who Serves He Who Remains And Provides Aid To The TVATara StrongMiss Minutes
100%
Loki (S1)Former TVA Agent Who Specializes In Dangerous Time Criminals And Loves Jet SkisOwen WilsonMobius M. Mobius
100%
Ant-Man And The Wasp: Quantumania
(As This Character)
Man Shrunken Down To Subatomic Size Who Becomes A Mechanized Organism Designed Only For KillingCorey StollM.O.D.O.K.
100%
Moon KnightFormer US Marine And Mercenary Who Serves As The Avatar Of Khonshu; Also Suffers From DIDOscar IsaacMoon Knight/Marc Spector
100%
Avengers: EndgameDaughter Of Tony Stark And Pepper PottsLexi RabeMorgan Stark
100%
Doctor Strange In The Multiverse Of MadnessLeader Of The Fantastic Four With Stretchy Powers; Member Of The IlluminatiJohn KrasinskiMr. Fantastic/Reed Richards
100%
Ms. MarvelFangirl Of The Avengers From Jersey City Who Gets A Magical Bangle That Gives Her The Ability To Harness Cosmic Energy And Create Hard Light ConstructsIman VellaniMs. Marvel/Kamala Khan
100%
Spider-Man: Far From HomeFormer Stark Industries Employee Who Uses Drones And Illusion (B.A.R.F.) Technology To Fake Attacks In Order To Become "The Worlds Next Iron Man"Jake GyllenhaalMysterio/Quentin Beck
100%
Black PantherT'Challa's Wife And A Member Of The War DogsLupita Nyong'oNakia
100%
Ms. MarvelClose Friend Of Kamala Who Has A Postion On The Mosque BoardYasmeen FletcherNakia Bahadir
100%
Black Panther: Wakanda ForeverRuler Of The Underwater City Talokan; His People Refer To Him As The Feathered Serpent God K'uk'ulkanTenoch HuertaNamor
100%
Avengers: Age Of UltronClint Barton's Youngest Son (Named After Two Avengers)Cade WoodwardNathaniel Barton
100%
Guardians Of The GalaxyBlue Daughter Of Thanos; Member Of The Guardians Of The GalaxyKaren GillanNebula
100%
Spider-Man: HomecomingPeter Parker's Best Friend And His "Guy In The Chair"; Will Eventually Become HobgoblinJacob BatalonNed Leeds
100%
Iron ManDirector Of S.H.I.E.L.D.Samuel L. JacksonNick Fury
100%
Guardians Of The GalaxyLeader Of The Nova CorpsGlenn CloseNova Prime/Irani Rael
100%
ThorKing Of Asgard And The Father Of Thor And LokiAnthony HopkinsOdin
100%
Black PantherGeneral Of The Dora MilajeDanai GuriraOkoye
100%
Loki (S2)Quirky Repair Man And The Author Of The TVA GuidebookKe Huy QuanOuroboros (O.B.)
100%
Captain America:The First AvengerLove Interest Of ^; Captain Carter On Earth-838Hayley AtwellPeggy Carter
100%
EternalsEternal Who Is A TechnopathBrian Tyree HenryPhastos
100%
Captain MarvelDaughter Of ^ Who Got Powers From Wanda Maximoff's HexTeyonah Parris/Akira AkbarPhoton/Monica Rambeau
100%
Doctor Strange In The Multiverse Of MadnessMutant With Telepathic Powers And Leader Of The IlluminatiPatrick StewartProfessor X/Charles Xavier
100%
Avengers: Infinity WarMember Of The Black Order And The Wife Of ^Carrie CoonProxima Midnight
100%
Avengers: Age Of UltronSokovian Man Who Got Super Speed From The Mind Stone; Member Of The AvengersAaron Taylor-JohnsonQuicksilver/Pietro Maximoff
100%
Black WidowNatasha Romanoff's Father And The Only Russian Super SoldierDavid HarbourRed Guardian/Alexei Shostakov
100%
Captain America:The First AvengerLeader Of HYDRA During WWII; Later Became The Guardian Of The Soul StoneHugo Weaving/Ross MarquandRed Skull/Johann Schmidt
100%
Iron ManWife Of ^Gwyneth PaltrowRescue/Pepper Potts
100%
Guardians Of The GalaxyTalking Raccoon; Member Of The Guardians Of The GalaxyBradley CooperRocket Raccoon
100%
Guardians Of The GalaxyKree Fanatic Who Vows To Wipe Out The Planet Xandar And All Of It's PeopleLee PaceRonan The Accuser
100%
Spider-Man: No Way HomeCriminal Who Fell Into A Super Collider And Gained The Ability To Control And Reform His Body With SandThomas Haden ChurchSandman/Flint Marko
100%
Avengers: Age Of UltronSokovian Woman Who Got Telekinetic Powers From The Mind Stone; Member Of The AvengersElizabeth OlsenScarlet Witch/Wanda Maximoff
100%
EternalsNew Leader Of The Eternals Who Can Change The Matter And Energy Of ThingsGemma ChanSersi
100%
Shang-Chi And The Legend Of The Ten RingsCurrent Wielder Of The Ten Rings And The Son Of The MandarinSimu LiuShang-Chi
100%
She-Hulk: Attorney At LawBruce Banner's Lawyer Cousin Who Gets His Blood In Her And Becomes A Hulk HerselfTatiana MaslanyShe-Hulk/Jennifer Walters
100%
Spider-Man: HomecomingPart Of ^'s Crew Who Has A Electric GauntletBokeem WoodbineShocker/Herman Schultz
100%
Black PantherT'Challa's Sister Who Would Take The Title Of Black Panther After His PassingLetitia WrightShuri
100%
WandaVisionWanda And Vision's Son With Super SpeedJett KlyneSpeed/Tommy Maximoff
100%
Captain America: Civil WarTeenager From Queens Who Was Bite By A Radioactive Spider And Gained Spider-Like Abilities; Member Of The AvengersTom HollandSpider-Man/Peter Parker
100%
Spider-Man: No Way HomeMan From Another Universe Who Was Bitten By A Genetically Made Spider On His Field Trip And Gained
Spider-Like Abilities
Tobey MaguireSpider-Man/Peter Parker
100%
Spider-Man: No Way HomeMan From Another Universe Who Sneaked Into OsCorp, Was Bitten By A Genetically Altered Spider, And Gained Spider-Like AbilitiesAndrew GarfieldSpider-Man/Peter Parker
100%
EternalsEternal With The Appearance Of A Child Who Has Illusion PowersLia McHughSprite
100%
Iron ManExcelsiorHimselfStan Lee
100%
Guardians Of The Galaxy"Legendary Outlaw" Of The Galaxy; Member Of The Guardians Of The GalaxyChris PrattStar-Lord/Peter Quill
100%
Ant-ManDaughter Of Scott Lang Who Acquires Her Own Shrinking SuitKathryn Newton/Abby Ryder Fortson/Emma FuhrmannStinger/Cassie Lang
100%
Thor: RagnarokFire Demon From Muspelheim Who Caused RagnarokClancy BrownSurtur
100%
Captain MarvelSkrull General Who Collaborated With Mar-Vell In Order To Save His People From The KreeBen MendelsohnTalos
100%
Guardians Of The Galaxy
Vol. 2
Lieutenant Of Yondu Who Starts The Ravager MutinyChris SullivanTaserface
100%
Black WidowDaughter Of Dreykov Who Can Mimic The Fighting Style Of Anyone She SeesOlga KurylenkoTaskmaster/Antonia Dreykov
100%
Captain America: Civil WarFormer King Of Wakanda And The Father Of T'ChallaJohn KaniT'Chaka
100%
Guardians Of The GalaxyGenocidal Alien Who Uses All Six Infinity Stones To Erase Half Of The UniverseJosh BrolinThanos
100%
Doctor StrangeDoctor Strange's Teacher At Kamar-Taj Who Drew Power From The Dark Dimension To Stay AliveTilda SwintonThe Ancient One/Yao
100%
Guardians Of The GalaxyHead Of The Tivan Group On Knowhere; Known As The Keeper Of The Largest Collection In The GalaxyBenicio Del ToroThe Collector/
Taneleer Tivan
100%
Thor: RagnarokDowntrodden Asgardian Warrior Who Briefly Served As The Executioner Of HelaKarl UrbanThe Executioner/
Skurge
100%
Thor: RagnarokRuler Of SakaarJeff GoldblumThe Grandmaster
100%
Spider-Man: No Way HomeBrilliant Scientist At OsCorp Who Tried To Grow His Missing Arm Back, But Accidentally Turned Himself Into A Giant Reptile MonsterRhys IfansThe Lizard/Curt Connors
100%
Shang-Chi And The Legend Of The Ten RingsLeader Of The Ten Rings Organization And The Father Of Shang-ChiTony LeungThe Mandarin/Xu Wenwu
100%
EternalsEternal Who Has Mahd Wy'ry And Who Can Make Any WeaponAngelina JolieThena
100%
The AvengersLeader Of The ChitauriAlexis DenisofThe Other
100%
Ant-ManDaughter Of Hank Pym And Janet Van Dyne Who Gets Her Own Suit That Allows Her To FlyEvangeline LillyThe Wasp/Hope Van Dyne
100%
What If...?Being Who Watches Over The Multiverse And Narrates ItJeffrey WrightThe Watcher/Uatu
100%
ThorThe God Of Thunder; Member Of The AvengersChris HemsworthThor
100%
Iron Man 3Washed-Up Actor Who Plays The Fake Villain Called "The Mandarin" For ^Ben KingsleyTrevor Slattery
100%
Avengers: Age Of UltronRobot Who Vows To Achieve "Peace In Our Time" Through Human ExtinctionJames SpaderUltron
100%
The Falcon And The Winter SoldierMan Who Was Chosen To Succeed Steve Rogers As Captain AmericaWyatt RussellU.S. Agent/John Walker
100%
Thor: RagnarokLast Surviving Member Of The The Valkyrior; Later Becomes The New "King" Of AsgardTessa ThompsonValkyrie/Brunnhilde
100%
Spider-Man: No Way HomeEx-Journalist Who Bonds With An Alien SymbioteTom HardyVenom/Eddie Brock
100%
Avengers: Age Of UltronAndroid Composed Of J.A.R.V.I.S. And The Mind Stone; Member Of The AvengersPaul BettanyVision
100%
Spider-Man: HomecomingScrapper Who Was Driven Out Of Business Who Created A Flight Suit To Steal And Sell High Powered Weapons To CriminalsMichael KeatonVulture/Adrian Toomes
100%
Iron ManColonel And Best Friend Of Tony Stark Who Has His Own Iron Man Armor; Member Of The AvengersDon Cheadle/Terrence HowardWar Machine/James Rhodes
100%
Iron Man 2Son Of ^ Who Had Vendetta Against The Stark Family; Building His Own Arc Reactor That Powered Electrical WhipsMickey RourkeWhiplash/Ivan Vanko
100%
WandaVisionWanda And Vision's Son With Telekinetic PowersJulian HilliardWiccan/Billy Maximoff
100%
Captain America:The First AvengerBest Friend Of Steve Rogers Who Became A Brainwashed Assassin For HYDRASebastian StanWinter Soldier/Bucky Barnes
100%
Doctor StrangeFormer Librarian Of Kamar-Taj And Best Friend Of ^Benedict WongWong
100%
Black WidowNatasha Romanoff's SisterFlorence PughYelena Belova
100%
Ant-ManFormer Protégé Of ^ Who Was Obsessed With Recreating The Pym ParticleCorey StollYellowjacket/Darren Cross
100%
Guardians Of The GalaxyFormer Leader Of The Ravagers With A Deadly Yaka Arrow; Member Of The Guardians Of The GalaxyMichael RookerYondu
100%
Thor: Love And ThunderGod Of Lighting/King Of The Olympians And Omnipotence CityRussell CroweZeus
100%
Moon KnightLead Zealot And Avatar Of Ammit; Former Avatar Of KhonshuEthan HawkeArthur Harrow
75%
Thor: Love And ThunderHeimdall's SonKieron L. DyerAxl
75%
Ant-Man And The WaspBiochemist And A Former Member Of S.H.I.E.L.D. Who Had Previously Worked With Hank Pym On Project G.O.L.I.A.T.H.Laurence FishburneBill Foster
75%
Thor: The Dark WorldFather Of OdinTony CurranBor
75%
Doctor Strange In The Multiverse Of MadnessSorcerer From The Dark Dimension And Dormammu's Niece; The Future Wife Of Doctor StrangeCharlize TheronClea
75%
Captain America:The First AvengerSteve Rogers Colonel During WWIITommy Lee JonesColonel Chester Phillips
75%
Avengers: Age Of UltronClint Barton's Oldest SonBen SakamotoCooper Barton
75%
Guardians Of The GalaxyCorpsman Of The Nova CorpsJohn C. ReillyCorpsman Dey
75%
Ant-ManFriend Of Scott LangT.I.Dave
75%
Captain MarvelTactical Sniper Member Of The Kree StarforceGemma ChanDoctor Minerva/Minn-Erva
75%
Black WidowOverseer Of The Red Room And The Mastermind Behind The Black Widow'sRay WinstoneDreykov
75%
EternalsEternal With The Power Of Mind ControlBarry KeoghanDruig
75%
Werewolf By NightUlysses Bloodstone's Estranged Daughter Who Dislikes Her Family's Tradition Of Hunting MonstersLaura DonnellyElsa Bloodstone
75%
Guardians Of The Galaxy Vol. 3Genetically Enhanced Rabbit Of Subject Batch 89Mikaela HooverFloor
75%
ThorMember Of The Warriors ThreeTadanobu AsanoHogun
75%
Loki (S1)Former High-Ranking TVA Hunter And An Ally Of LokiWunmi MosakuHunter B-15
75%
Moon KnightRuthless Spanish Speaking Alternate Personality Of ^Oscar IsaacJake Lockley
75%
Spider-Man: No Way HomePublisher Of The Daily Bugle Who Hates Spider-ManJ.K. SimmonsJ. Jonah Jameson
75%
The Falcon And The Winter SoldierUnited States Air Force Lieutenant/Intelligence Officer And A Friend Of Sam WilsonDanny RamirezJoaquin Torres
75%
Shang-Chi And The Legend Of The Ten RingsMarried Friend Of Shang-Chi And KatyKunal DudhekerJohn
75%
EternalsEternal Who Has Literal Finger Guns And Is A Bollywood ActorKumail NanjianiKingo
75%
Guardians Of The GalaxyFormer Kree Starforce; Later Works For The Villain ^Djimon HounsouKorath The Pursuer
75%
Avengers: Age Of UltronClint Barton's WifeLinda CardelliniLaura Barton
75%
HawkeyeClint And Kate's Pet Dog Who Loves PizzaLucky The Pizza Dog
75%
Ant-ManEx-Wife Of Scott LangJudy GreerMaggie
75%
Captain MarvelKree Empire Commander And Leader of StarforceJude LawMagnitron/Yon-Rogg
75%
Werewolf By NightSwamp-Dwelling Creature Who Guards The Nexus Of Realities; Best Friend Of Jack RussellCarey JonesMan-Thing/Ted Sallis
75%
Captain MarvelKree Scientist Who Created The Light-Speed EngineAnnette BeningMar-Vell (Wendy Lawson)
75%
Black WidowNatasha Romanoff's MotherRachel WeiszMelina Vostokoff
75%
Moon KnightOne Of ^'s Alternate Personalities Based Upon A British Childhood Movie He LovedOscar IsaacMr. Knight/Steven Grant
75%
Black Panther: Wakanda ForeverNamor's CousinMabel CadenaNamora
75%
EternalsDrunk Troll Friend Of ^Patton OswaltPip The Troll
75%
Iron Man 3The President That Gets Kidnapped By Aldrich KillianWilliam SadlerPresident Ellis
75%
Loki (S1)Loki Variant Who Was The Leader Of Multiple Loki Variants In The VoidTom HiddlestonPresident Loki
75%
WandaVisionMan Whose Mind Was Controlled By Agatha Harkness To Impersonate PietroEvan PetersRalph Bohner
75%
Black PantherQueen Of Wakanda And T'Chaka's WifeAngela BassettRamonda
75%
Loki (S1)Former Judge At The TVA And Friend To MobiusGugu Mbatha-RawRavonna Renslayer
75%
Iron ManMember Of The Ten RingsFaran TahirRaza
75%
Moon KnightMarc Spector's Wife And The Avatar Of TaweretMay CalamawyScarlet Scarab/Layla El-Faouly
75%
Iron Man 2Senator That Secretly Works For HYDRAGarry ShandlingSenator Stern
75%
Captain MarvelWife Of ^Sharon BlynnSoren
75%
EternalsRoyal Prince Of Titan And Brother Of ThanosHarry StylesStarfox/Eros
75%
Loki (S1)Female Variant Of LokiSophia Di MartinoSylvie
75%
Guardians Of The Galaxy Vol. 3Genetically Enhanced Walrus Of Subject Batch 89Asim ChaudhryTeefs
75%
Spider-Man: HomecomingMan Who Designs The Weapons For VultureMichael ChernusTinkerer/Phineas Mason
75%
Loki (S2)Variant Of Kang Who Is An Inventor From 1893 That Created A Prototype Temporal LoomJohnathan MajorsVictor Timely
75%
ThorMember Of The Warriors ThreeRay StevensonVolstagg
75%
Werewolf By NightMonster Hunter Who Has A Curse That Turns Him Into A WerewolfGael García BernalWerewolf By Night/Jack Russell
75%
Black PantherFormer Head Of Security For Wakanda’s Border Tribe And Okoye's Ex-LoverDaniel KaluuyaW'Kabi
75%
Black PantherWakandan Shaman Who Was Sent By T'Chaka To Spy On N'JobuForest WhitakerZuri
75%
Spider-Man: HomecomingCriminal Who Will Eventually Hold The Title Of "The Prowler"Donald GloverAaron Davis
50%
Iron Man 2Soviet Scientist Who Helped Howard Stark Design The Arc Reactor; Deported For Trying To Sell The Design To Enemy CountriesYevgeni LazarevAnton Vanko
50%
EternalsPrime CelestialDavid KayeArishem The Judge
50%
Black Panther: Wakanda ForeverTalokan Warrior And An Advisor Of ^Alex LivinalliAttuma
50%
The MarvelsScientist Mutant Who Has Enhanced AbilitiesKelsey GrammerBeast/Hank McCoy
50%
Spider-Man: HomecomingCo-Host Of The Midtown News And Ned Leeds Girlfriend/Ex-GirlfriendAngourie RiceBetty Brant
50%
Loki (S1)Loki Variant Who Weilded All Six Infinity StonesDeobia OpareiBoastful Loki
50%
Ms. MarvelTech Genius Best Friend Of ^Matt LintzBruno Carrelli
50%
Guardians Of The GalaxySlave Of ^Ophelia LovibondCarina
50%
Loki (S1)TVA Agent Who Has Spent His Entire Life Behind A DeskEugene CorderoCasey
50%
EternalsMan Who Will Eventually Hold The Title Of Black KnightKit HaringtonDane Whitman
50%
Spider-Man: Far From HomeMember Of Nick Fury's Crew Who Becomes The Bus Driver Peter's Europe TripNuman AcarDimitri
50%
HawkeyeKate's Mother And The CEO Of Bishop SecurityVera FarmigaEleanor Bishop
50%
Thor: RagnarokHela's Giant Pet WolfFenris
50%
Secret InvasionThe Daughter Of Talos Who Originally Worked With Gravik But Eventually Turned Against Him, Gaining Super Powers In The ProcessEmilia ClarkeG'iah
50%
Thor: The Dark WorldIntern And Love Interest Of Darcy LewisJonathan HowardIan Boothby
50%
The Falcon And The Winter SoldierKorean War Veteran And The First Black Super SoldierCarl LumblyIsaiah Bradley
50%
Captain America:The First AvengerMember Of The Howling CommandosKenneth ChoiJim Morita
50%
Ms. MarvelBoy That Kamala Has A Crush On Who Gets Powers From His MotherRish ShahKamran
50%
Spider-Man: HomecomingPeter Parker's "Suit Lady"Jennifer ConnellyKaren
50%
Moon KnightEgyptian God Of The MoonF. Murray AbrahamKhonshu
50%
EternalsLeader Of The DeviantsBill SkarsgårdKro
50%
Ant-ManFriend Of Scott LangDavid DastmalchianKurt
50%
Spider-Man: HomecomingPeter Parker's First Crush Before MJLaura HarrierLiz Toomes
50%
Guardians Of The Galaxy Vol. 3Genetically Enhanced Otter Of Subject Batch 89 And Rocket Raccoon's Love InterestLinda CardelliniLylla
50%
EternalsDeaf Eternal With Super SpeedLauren RidloffMakkari
50%
Iron Man 3Woman Who Created EXTREMISRebecca HallMaya Hansen
50%
Doctor StrangeSurgeon Who Developed A Rivalry With Stephen StrangeMichael StuhlbargNicodemus West
50%
Black PantherKillmonger's Father And The Younger Brother Of T'ChakaSterling K. BrownN'Jobu
50%
Ant-ManStep-Father Of ^Bobby CannavalePaxton
50%
Guardians Of The Galaxy Vol. 3Child Who Was Experimented On By The High Evolutionary Causing Her To Gain Cosmic Powers; Member Of The Guardians Of The GalaxyKai ZenPhyla-Vell
50%
Ms. MarvelMember Of The Red Daggers And A Friend Of Kamala'sAramis KnightRed Dagger/Kareem
50%
Spider-Man: HomecomingScience Teacher At Midtown School of Science and TechnologyMartin StarrRoger Harrington
50%
The Incredible HulkScientist Codenamed "Mr. Blue"; Eventually Will Become "The Leader"Tim Blake NelsonSamuel Sterns
50%
Doctor Strange In The Multiverse Of MadnessSorcerer At Kamar-Taj Who Sacrificed Herself To Destroy Wanda's DarkholdSheila AtimSara
50%
The Falcon And The Winter SoldierSam Wilson's SisterAdepero OduyeSarah Wilson
50%
She-Hulk: Attorney At LawBanner's Son From SakaarWil DeusnerSkaar
50%
Ant-Man And The WaspBlack-Market Technology Dealer With Connections In The FBI Who Wants To Steal The Mobile LaboratoryWalton GogginsSonny Burch
50%
WandaVisionThe Maximoff's DogSparky
50%
Hawkeye^'s New Fiancé With Talented Sword SkillsTony DaltonSwordsman/Jack Duquesne
50%
Guardians Of The Galaxy Vol. 3Psychotic Geneticist And The Creator Of Rocket Raccoon Who Seeks To Creature The Perfect Life Form Out Of Lower Life Forms And Build His Own UtopiaChukwudi IwujiThe High Evolutionary/Herbert Edgar Wyndham
50%
She-Hulk: Attorney At LawSuper Powered Influencer And
She-Hulk's Rival
Jameela JamilTitania/Mary MacPherran
50%
Thor: RagnarokAssistant Of The GrandmasterRachel HouseTopaz
50%
Iron Man 3The Vice PresidentMiguel FerrerVice President Rodriguez
50%
Ms. MarvelKamala's Older BrotherSaagar ShaikhAamir Khan
25%
Iron ManMember Of The Ten RingsSayed BadreyaAbu Bakaar
25%
Spider-Man: No Way HomeDamage Control Agent Tasked With Handling Enhanced IndividualsArian MoayedAgent Cleary
25%
Ms. MarvelKamala's Great-GrandmotherMehwish HayatAisha
25%
The Falcon And The Winter SoldierSon Of ^Aaron HaynesAJ Wilson
25%
Moon KnightEgyptian God That Harrow Wants To Release To Judge All The Worlds PeopleSaba MubarakAmmit
25%
Black Panther: Wakanda ForeverDora Miliaje Warrior Who Takes Up The Mantle Of The Midnight Angels, Along With OkoyeMichaela CoelAneka
25%
Moon KnightWealthy Antiques Collector Living In EgyptGaspard UllielAnton Mogart
25%
Ant-ManPet Ant Of Scott LangAnt-Thony
25%
HawkeyeJack's UncleSimon CallowArmand Duquesne III
25%
Captain MarvelMember Of The Kree StarforceAlgenis Perez SotoAtt-Lass
25%
She-Hulk: Attorney At LawA Member Of The Legal Team At GLK&H Who Works With Walter's And RamosJosh SegarraAugustus "Pug" Pugliese
25%
Secret InvasionSkrull Recruited Into The Rebel SkrullsSamuel AdewunmiBeto
25%
The MarvelsVariant Of Monica's Mother Who Works With The X-MenLashana LynchBinary/Maria Rambeau
25%
Guardians Of The Galaxy Vol. 3^'s Pet F'saki; Member Of The Guardians Of The GalaxyDee Bradley BakerBlurp
25%
Spider-Man: Far From HomeStudent At Midtown School of Science and Technology Who Competes With Peter For MJRemy HiiBrad Davis
25%
Loki (S2)Variant Of ^ Who Is A Famous ActorRafael CasalBrad Wolfe
25%
Captain MarvelMember Of The Kree StarforceRune TemteBron-Char
25%
She-Hulk: Attorney At LawMember Of The Wrecking CrewTennison Barry IIIBulldozer/Henry Camp
25%
The Falcon And The Winter SoldierSon Of ^Chase River McGeeCass Wilson
25%
HawkeyeTracksuit Mafia Mercenray And Friend Of Maya LopezFra FeeClown/Kazimierz "Kazi" Kazimierczak
25%
Spider-Man: HomecomingGym Coach At Midtown School of Science and TechnologyHannibal BuressCoach Wilson
25%
Ant-ManManager At Baskin-RobinsGregg TurkingtonDale
25%
The MarvelsThe New Ruler Of The Kree Who Seeks To Steal Natural Resources From Other Planets To Save Her OwnZawe AshtonDar-Benn
25%
Shang-Chi And The Legend Of The Ten RingsHigh-Ranking Ten Rings Warrior And The Trainer Of Shang-ChiAndy LeDeath Dealer/
Li Ching-Lin
25%
Guardians Of The GalaxyDenarian Of The Nova CorpsPeter SerafinowiczDenarian Saal
25%
HawkeyeKate's Father Who Dies During The Chitauri Attack Of 2012Brian D'Arcy JamesDerek Bishop
25%
She-Hulk: Attorney At LawThe Son Of A Rich GLK&H Client Who Tries To Become A Crime Fighter In A Frog-Themed CostumeBrandon Stanley
Leap-Frog/Eugene Patilio
25%
Loki (S2)Variant Of Mobius Who Is A Jet Ski Salesman And A Single FatherOwen WilsonDon
25%
She-Hulk: Attorney At LawFormer Student At Kamar-Taj Who Uses Magic For His Magic ShowsRhys CoiroDonny Blaze
25%
The Falcon And The Winter SoldierAdopted Mother Of Karli MorgenthauVeronica FalcónDonya Madani
25%
Spider-Man: HomecomingMother Of ^Garcelle BeauvaisDoris Toomes
25%
The Falcon And The Winter SoldierBucky's TherapistAmy AquinoDr. Christina Raynor
25%
Shang-Chi And The Legend Of The Ten RingsLeader Of The Soul EatersDweller-In-Darkness
25%
She-Hulk: Attorney At LawA Self-Proclaimed Swashbuckler Capable Of Generating Electrical Blasts Through ObjectsJoseph Castillo-MidyettEl Águila/Alejandro Montoya
25%
She-Hulk: Attorney At LawJennifer Walter's MotherTess Malis KincaidElaine Walters
25%
The Falcon And The Winter SoldierGrandson Of ^Elijah RichardsonEli Bradley
25%
Ant-Man And The WaspFather Of Ava StarrMichael CerverisElihas Starr
25%
Iron Man 3Female EXTREMIS UserStephanie SzostakEllen Brandt
25%
Iron Man 3Male EXTREMIS UserJames Badge DaleEric Savin
25%
WandaVisionLeader Of The Salem Coven And The Mother Of Agatha HarknessKate ForbesEvanora Harkness
25%
Captain America:The First AvengerMember Of The Howling CommandosDerek LukeGabe Jones
25%
Captain America:The First AvengerArmy Soldier Who Is A "Bully"Lex ShrapnelGilmore Hodge
25%
Secret InvasionLeader Of A Group Of Rebel SkrullsKingsley Ben-AdirGravik
25%
Shang-Chi And The Legend Of The Ten RingsElder In Ta Lo And The Trainer Of KatyWah YuenGuang Bo
25%
Ms. MarvelKamala's Great-GrandfatherFawad KhanHasan
25%
Captain America:The First AvengerHYDRA Spy Who Assassinated ^Richard ArmitageHeinz Kruger
25%
She-Hulk: Attorney At LawBoss At GLK&HSteve CoulterHolden Holliway
25%
She-Hulk: Attorney At LawCreator Of Intelligencia,Jon BassHulkKing/Todd Phelps
25%
Loki (S1)TVA Hunter Who Was Killed For Seeing Her Life On The Sacred TimelineSasha LaneHunter C-20
25%
Loki (S2)TVA HunterNeil ElliceHunter D-90
25%
Loki (S2)A TVA Hunter Who Abandoned The TVA To Live A Life On The Sacred TimelineRafael CasalHunter X-5
25%
Spider-Man: HomecomingThe First ^Logan Marshall-GreenJackson Brice
25%
Captain America:The First AvengerMember Of The Howling CommandosBruno RicciJacques Dernier
25%
Captain America:The First AvengerMember Of The Howling CommandosJJ FeildJames Montgomery Falsworth
25%
Guardians Of The GalaxyGrandfather Of Peter QuillGregg HenryJason Quill
25%
Ant-Man And The Wasp: QuantumaniaLeader Of The Freedom FightersKaty O'BrianJentorra
25%
Shang-Chi And The Legend Of The Ten RingsXu Xialing's Right Hang Man And Announcer In Her Underground Fight ClubRonny ChiengJon Jon
25%
Spider-Man: HomecomingColleague Of ^ At Midtown School of Science and TechnologyJ.B. SmooveJulius Dell
25%
EternalsKingo's Valet And CamermanHarish PatelKarun Patel
25%
Shang-Chi And The Legend Of The Ten RingsBest Friend/Love Interest Of ^AwkwafinaKaty Chen
25%
Thor: Love And ThunderThe Ruler Of Indigarr Who Gives Thor His Screaming GoatsStephen CurryKing Yakan
25%
Shang-Chi And The Legend Of The Ten RingsVlogger On Bus Who Took Martial Arts And Grades FightsZach CherryKlev
25%
The Incredible HulkBetty Ross' Boyfriend Before Bruce Banner Came BackTy BurrellLeonard Samson
25%
Ant-Man And The Wasp: QuantumaniaThe Governor Of Axia And An Old Friend Of Janet Van DyneBill MurrayLord Krylar
25%
Doctor StrangeZealot Of KaeciliusScott AdkinsLucian
25%
She-Hulk: Attorney At LawFashion Designer Specializing In Superhero SuitsGriffin MatthewsLuke Jacobson
25%
She-Hulk: Attorney At LawWalters Old Friend From High School Who Asks Her To Be Her BridesmaidPatti HarrisonLulu
25%
Avengers: Age Of UltronNatasha Romanoff's Trainer In The Red RoomJulie DelpyMadame B.
25%
She-Hulk: Attorney At LawParty-Loving Woman Who's Name Has "Two N's, One Y, But It's Not Where You Think"Patty GuggenheimMadisynn King
25%
She-Hulk: Attorney At LawLawyer At GLK&H Who Is Threatened By Walters Becoming The Head Of The Superhuman Law DivisionRenée Elise GoldsberryMallory Book
25%
She-Hulk: Attorney At LawHuman-Bull Hybrid From A Science Experiment Gone WrongNathan HurdMan-Bull/William "Bill" Taurens
25%
Guardians Of The Galaxy Vol. 3Security Guard At OrgoCorpNathan FillionMaster Karja
25%
She-Hulk: Attorney At LawFamous Rapper That Becomes One Of Walters ClientsHerselfMegan Thee Stallion
25%
Ant-ManEx-Head Of Defense At S.H.I.E.L.D.Martin DonovanMitchell Carson
25%
Shang-Chi And The Legend Of The Ten RingsTrevor Slattery's Cute Hundun PetMorris
25%
She-Hulk: Attorney At LawJennifer Walter's FatherMark Linn-BakerMorris Walters
25%
Spider-Man: HomecomingOwner Of The Deli With The Best Sandwiches In QueensHemky MaderaMr. Delmar
25%
She-Hulk: Attorney At LawSuperhuman Incapable Of Dying Who Goes To GLK&H To Help Him Settle The Divorces Of His Many SpousesDavid PasquesiMr. Immortal/
Craig Hollis
25%
Ms. MarvelKamala's MotherZenobia ShroffMuneeba Khan
25%
Ms. Marvel^'s Mother And The Leader Of The ClandestinesNimra BuchaNajma
25%
She-Hulk: Attorney At LawJennifer Walter's Paralegal And Best FriendGinger GonzagaNikki Ramos
25%
The Falcon And The Winter SoldierJohn Walker's WifeGabrielle ByndlossOlivia Walker
25%
Secret Invasion^'s Second-In-CommandKillian ScottPagon
25%
She-Hulk: Attorney At LawMember Of The Wrecking CrewKyle MurilloPiledriver/Brian Calusky
25%
Doctor Strange In The Multiverse Of MadnessPizza Ball SalesmanBruce CampbellPizza Poppa
25%
She-Hulk: Attorney At LawIndivudal Who Always Wears A Suit Covered In SpikesJordan Aaron FordPorcupine/Alexander Gentry
25%
Secret InvasionThe President Of The U.S. Who The Skrulls Attempt To KillDermot MulroneyPresident Ritson
25%
The MarvelsThe Charismatic Prince Of Aladna Who Is Danvers's HusbandPark Seo-joonPrince Yan
25%
Ant-Man And The Wasp: QuantumaniaTelepathic Member Of The Freedom FightersWilliam Jackson HarperQuaz
25%
Secret InvasionSkrull Who Impersonated James "Rhodey" RhodesDon CheadleRaava
25%
Thor: Love And ThunderThe First God That Gorr ButchersJonathan BrughRapu
25%
Shang-Chi And The Legend Of The Ten RingsAdoptive Son Of Wenwu Who Became An Assassin With "A FREAKING MACHETE FOR AN ARM!"Florian MunteanuRazor Fist/Mattias
25%
Thor: The Dark WorldJane Foster's DateChris O'DowdRichard
25%
Black WidowNatasha Romanoff's Friend And Independent ContractorO-T FagbenleRick Mason
25%
Doctor Strange In The Multiverse Of MadnessMinotaur-Like Sorcerer At Kamar-TajAdam HugillRintrah
25%
She-Hulk: Attorney At LawShape-Shifting Light ElfPeg O'KeefRuna
25%
Ms. MarvelAgent Of Damage Control Who Works With ClearyAlysia ReinerSadie Deever
25%
Ms. MarvelKamala's GrandmotherSamina AhmadSana
25%
She-Hulk: Attorney At LawMan Who May Or May Not Be A VampireTerrence CloweSaracen/Muzzafar Lambert
25%
Doctor Strange In The Multiverse Of MadnessOctopus-Like Creature Wanda Sends After ^Shuma-Gorath (Gargantos)
25%
Secret InvasionHigh-Ranking MI6 Agent And An Old Ally Of Nick FuryOlivia ColmanSonya Falsworth
25%
Guardians Of The Galaxy
Vol. 2
Legendary Ravager Captain Who Saved Yondu From SlaverySylvester StalloneStakar Ogord
25%
Captain MarvelAI Ruler Of HalaAnnette BeningSupreme Inteligence
25%
Moon KnightEgyptian God Women And ChildrenAntonia SalibTaweret
25%
Guardians Of The Galaxy Vol. 3Cowardly And Loyal Recorder To The High EvolutionaryNico SantosTheel
25%
She-Hulk: Attorney At LawMember Of The Wrecking CrewJustin EatonThunderball/Eliot Franklin
25%
Ms. Marvel^'s WifeTravina SpringerTyesha Hillman
25%
WandaVisionHigh-Ranking S.W.O.R.D. Operative Who Was Promoted To Acting Director Following The Blip and Maria Rambeau's DeathJosh StambergTyler Hayward
25%
Werewolf By NightFounder Of The Monster Hunting Group Who Originally Held The BloodstoneRichard DixonUlysses Bloodstone
25%
Guardians Of The Galaxy Vol. 3Employee At OrgoCorpDaniela MelchiorUra
25%
Ant-Man And The WaspMan Who Made The "Truth Serum"Divian LadwaUzman
25%
The Falcon And The Winter SoldierDirector Of The CIA And Everett K Ross' Ex-WifeJulia Louis-DreyfusValentina Allegra De Fontaine
25%
Secret InvasionNick Fury's Skrull WifeCharlayne WoodardVarra/Priscilla Davis
25%
Ant-Man And The Wasp: QuantumaniaSlimy Member Of The Freedom Fighters Who Likes HolesDavid DastmalchianVeb
25%
Werewolf By Night\/'s Wife Who Leads The Secret Group Of Monster HuntersHarriet Sansom HarrisVerussa Bloodstone
25%
Guardians Of The Galaxy Vol. 3Minion Of The High Evolutionary Who Was Killed Due To Her Trying To Betray HimMiriam ShorVim
25%
Ms. MarvelLeader Of The Red DaggersFarhan AkhtarWaleed
25%
Guardians Of The Galaxy Vol. 3The High Evolutionary's Pig-Like BodyguardJudy GreerWar Pig
25%
Moon KnightMother Of Marc SpectorFernanda AndradeWendy Spector
25%
Iron ManStark Industries Scientist Who Would Join Quentin Beck's Mysterio ProjectPeter BillingsleyWilliam Ginter Riva
25%
HawkeyeMaya's Deceased Father That Kingpin Hired Ronin To KillZahn McClarnonWilliam Lopez
25%
She-Hulk: Attorney At LawLeader Of The Wrecking CrewNick GomezWrecker/Dirk Garthwaite
25%
Ant-Man And The Wasp: QuantumaniaCybernetic-Like Member Of The Freedom FightersXolum
25%
Shang-Chi And The Legend Of The Ten RingsDaughter Of ^ And The Current Leader Of The Ten RingsMeng'er ZhangXu Xialing
25%
Shang-Chi And The Legend Of The Ten RingsFormer Guardian Of Ta Lo And The Wife Of WenwuFala ChenYing Li
25%
Shang-Chi And The Legend Of The Ten RingsA Guardian Of Ta Lo And The Aunt Of Shang-Chi And Xu XialingMichelle YeohYing Nan
25%
The Falcon And The Winter SoldierFather Of One Of Bucky's VictimsKen TakemotoYori
25%
Ms. MarvelKamala's FatherMohan KapurYusuf Khan
25%
Ms. MarvelPopular Girl At Kamala's High School And A Social Media InfluencerLaurel MarsdenZoe Zimmer
25%
Moon Knight^'s Deceased FatherUsama SolimanAbdallah El-Faouly
0%
Loki (S2)Variant Of O.B. Who Is A Sci-Fi Writer And Theoretical PhysicistKe Huy QuanA.D. Doug
0%
Ant-Man And The WaspMother Of Ava StarrRiann SteeleCatherine Starr
0%
Doctor Strange In The Multiverse Of MadnessChristine Palmer's HusbandAko MitchellCharlie
0%
She-Hulk: Attorney At LawWalters CousinNicholas CirilloChed
0%
The MarvelsMale S.A.B.E.R. WorkerAbraham PopoolaDag
0%
She-Hulk: Attorney At LawFormer Colleague Of Jennifer WaltersDrew MatthewsDennis Bukowski
0%
Moon KnightStaff Manager At The British MusemLucy ThackerayDonna
0%
Loki (S2)Variant Of Hunter B-15 Who Is A PediatricianWunmi MosakuDr. Verity Willis
0%
Moon KnightFather Of Marc SpectorRey LucasElias Spector
0%
The MarvelsThe Leader Of The Skrull Colony On TarnaxGary LewisEmperor Dro'ge
0%
Loki (S2)Variant Of Casey Who Is An Escaped Criminal From AlcatrazEugene CorderoFrank Morris
0%
Iron Man 3Camerman Who Loves Tony StarkAdam PallyGary The Cameraman
0%
Loki (S2)TVA General Who Believes That The TVA Should Still Prune TimelinesKatie DickieGeneral Dox
0%
Moon KnightSecurity Guard At The British MusemAlexander CobbJ.B.
0%
Doctor StrangeParalyzed Man Who Was Able To Heal His Paralysis At Kamar-TajBenjamin BrattJohnathan Pangborn
0%
Loki (S2)A Paraplegic TVA Judge Who Is Part Of The TVA CouncilLiz CarrJudge Gamble
0%
Spider-Man: Homecoming^'s CatMurph
0%
The Falcon And The Winter SoldierButler Of ZemoNicholas PryorOeznik
0%
Ant-ManBig Inmate At San QuentinRobert CraytonPeachy
0%
Secret InvasionA Former S.H.I.E.L.D. Agent Who Uncovered The Skrulls' Plan To Invade EarthRichard DormerPrescod
0%
Moon KnightBrother Of Marc SpectorClaudio Fabian ContrerasRandall "RoRo" Spector
0%
The Falcon And The Winter SoldierOwner Of The Brass Monkey Saloon Nightclub And A High-Ranking Criminal Leader In MadripoorImelda CorcoranSelby
0%
Shang-Chi And The Legend Of The Ten RingsMarried Friend Of Shang-Chi And KatyStephanie HsuSoo
0%
The MarvelsFemale S.A.B.E.R. WorkerLeila FarzadTalia
0%
Black Panther: Wakanda ForeverT'Challa And Nakia's SonDivine Love Konadu-SunToussaint
0%
The Falcon And The Winter SoldierScientist Who Recreated The Super Soldier SerumOlli HaaskiviWilfred Nagel
0%

Score Distribution

Percentile by Number Answered

Percent of People with Each Score

Your Score History

You have not taken this quiz since the last reset